Euroopan 10 eteläisintä valtiota - Statistics

Yleistilastot
  • Tätä visaa on pelattu 2 999 kertaa
  • Keskiarvotulos 8 / 10
Vastaustilastot
Leveyspiiri Valtio % Oikein
36°00'N Espanja
99%
34°49'N Kreikka
99%
35°30'N Italia
98%
36°57'N Portugali
97%
35°47'N Malta
92%
40°34'N Albania
85%
41°20'N Ranska
80%
40°52'N Pohjois-Makedonia
78%
41°15'N Bulgaria
74%
41°11'N Venäjä
28%
Ehtoja vastaavia visoja ei löytynyt
Tulosjakauma
Jokaisen tuloksen saaneiden osuus
Persentiili vastausten määrän mukaan
Tuloshistoriasi
Et ole pelannut tätä visaa